Statistics for Dead by Daylight characters

Click here to take the quiz!

General Stats

  • This quiz has been taken 75 times
    (62 since last reset)
  • The average score is 37 of 64

Answer Stats

HintAnswer% Correct
KillerThe Trapper
93%
KillerThe Nurse
91%
KillerThe Hillbilly
86%
KillerThe Shape
86%
KillerThe Wraith
86%
KillerThe Clown
84%
KillerThe Ghost Face
84%
KillerThe Hag
79%
KillerThe Huntress
79%
KillerThe Doctor
77%
KillerThe Trickster
77%
SurvivorMeg Thomas
74%
KillerThe Nightmare
74%
KillerThe Oni
74%
KillerThe Twins
74%
SurvivorClaudette Morel
72%
KillerThe Legion
72%
KillerThe Mastermind
72%
KillerThe Nemesis
72%
KillerThe Pig
72%
KillerThe Plague
72%
KillerThe Spirit
72%
KillerThe Artist
70%
KillerThe Dredge
70%
KillerThe Onryo
70%
SurvivorDwight Fairfield
67%
KillerThe Demogorgon
67%
KillerThe Cannibal
65%
SurvivorFeng Min
63%
SurvivorJake Park
63%
SurvivorWilliam "Bill" Overbeck
63%
SurvivorKate Denson
60%
KillerThe Blight
60%
KillerThe Knight
60%
SurvivorDavid King
56%
SurvivorNea Karlsson
53%
KillerThe Deathslinger
53%
KillerThe Executioner
53%
SurvivorAda Wong
51%
SurvivorJill Valentine
49%
SurvivorNancy Wheeler
49%
SurvivorSteve Harrington
49%
KillerThe Cenobite
49%
SurvivorAdam Francis
47%
SurvivorFelix Richter
44%
SurvivorLaurie Strode
44%
SurvivorYui Kimura
44%
SurvivorCheryl Mason
42%
SurvivorJane Romero
42%
SurvivorYun-Jin Lee
42%
SurvivorRebecca Chambers
40%
SurvivorZarina Kassir
40%
SurvivorAce Visconti
37%
SurvivorÉlodie Rakoto
37%
SurvivorJeffrey "Jeff" Johansen
37%
SurvivorJonah Vasquez
35%
SurvivorHaddie Kaur
33%
SurvivorQuentin Smith
33%
SurvivorLeon Scott Kenedy
28%
SurvivorVittorio Toscano
26%
SurvivorYoichi Asakawa
23%
SurvivorAsh J. Williams
21%
SurvivorDetective David Tapp
21%
SurvivorMikaele Reid
5%

Score Distribution

Percentile by Number Answered

Percent of People with Each Score

Your Score History

You have not taken this quiz since the last reset